আমির হোসেন স্মারকগ্রন্থ : (Record no. 243016)
[ view plain ]
| 000 -LEADER | |
|---|---|
| fixed length control field | 00908nam a22002057a 4500 |
| 003 - CONTROL NUMBER IDENTIFIER | |
| control field | BD-DhUL |
| 005 - DATE AND TIME OF LATEST TRANSACTION | |
| control field | 20180807130108.0 |
| 008 - FIXED-LENGTH DATA ELEMENTS--GENERAL INFORMATION | |
| fixed length control field | 180807s2018 bg a|||| |||| 00| 0 ben d |
| 020 ## - INTERNATIONAL STANDARD BOOK NUMBER | |
| International Standard Book Number | 9789849319702 |
| 040 ## - CATALOGING SOURCE | |
| Original cataloging agency | BD-DhUL |
| Transcribing agency | BD-DhUL |
| 082 ## - DEWEY DECIMAL CLASSIFICATION NUMBER | |
| Classification number | 070.92 |
| Item number | AMI |
| 245 10 - TITLE STATEMENT | |
| Title | আমির হোসেন স্মারকগ্রন্থ : |
| Remainder of title | শিকড় অণ্বেষণ / |
| Statement of responsibility, etc. | সম্পাদনা সিরাজ ফরাজী |
| 260 ## - PUBLICATION, DISTRIBUTION, ETC. (IMPRINT) | |
| Place of publication, distribution, etc. | মাদারীপুর : |
| Name of publisher, distributor, etc. | শাহাবুদ্দিন আহমেদ মোল্লা, |
| Date of publication, distribution, etc. | ২০১৮ |
| 300 ## - PHYSICAL DESCRIPTION | |
| Extent | ২৮৮ পৃ. : |
| Other physical details | চিত্র (অধিকাংশ রঙিন) ; |
| Dimensions | ২২ সেমি |
| 365 ## - TRADE PRICE | |
| Price type code | BDT |
| Price amount | 300 |
| 650 #0 - SUBJECT ADDED ENTRY--TOPICAL TERM | |
| Topical term or geographic name as entry element | হোসেন, আমির |
| General subdivision | জীবনী |
| 650 #0 - SUBJECT ADDED ENTRY--TOPICAL TERM | |
| Topical term or geographic name as entry element | Hossain, Amir |
| General subdivision | Biography |
| 700 1# - ADDED ENTRY--PERSONAL NAME | |
| Personal name | ফরাজী, সিরাজ |
| Relator term | সম্পাদক |
| 942 ## - ADDED ENTRY ELEMENTS (KOHA) | |
| Source of classification or shelving scheme | |
| Koha item type | Books |
| Price effective from | Date last seen | Permanent Location | Not for loan | Date acquired | Source of classification or shelving scheme | Koha item type | Lost status | Withdrawn status | Copy number | Source of acquisition | Collection code | Damaged status | Shelving location | Barcode | Current Location | Full call number |
|---|---|---|---|---|---|---|---|---|---|---|---|---|---|---|---|---|
| 2018-08-07 | 2018-08-07 | Dhaka University Library | 2018-04-25 | Books | 1 | Gift | Non Fiction | General Stacks | 499620 | Dhaka University Library | 070.92 AMI | |||||
| 2018-08-07 | 2018-08-07 | Dhaka University Library | 2018-04-25 | Books | 2 | Gift | Non Fiction | General Stacks | 499621 | Dhaka University Library | 070.92 AMI | |||||
| 2018-08-07 | 2018-08-07 | Dhaka University Library | 2018-04-25 | Books | 3 | Gift | Non Fiction | General Stacks | 499622 | Dhaka University Library | 070.92 AMI |
